00840nam a2200193 a 450000100100000000500170001000800410002702000180006804000250008610000340011124500520014526000470019730000210024450400280026595201200029395201050041395201110051899900170062900003799820201002031140.0130311s2012 dr 000 0 spa d a9789945006834 aDO-SdBNPbspacBNPHU1 aGómez Ricourt, Rafaela926710aMisionera de Cristo /cRafaela Ricourt Gómez. aSanto Domingo :bImprenta Molinaga,c2012. a126 p. ;c22 cm. aBibliografía : p. 127 001054708DSaGRbGRcCTd2013-03-11iLF1l0o p37998-30r2020-06-25te. 3w2020-06-25yLFDSZPréstamo en sala 0010718PDaPDbPDcCTd2013-03-11iLF1l0o p37998-10r2020-06-25w2020-06-25yLFPDZNo se presta 0010718PDaPDbPDcCTd2013-03-11iLF1l0o p37998-20r2020-06-25te. 2w2020-06-25yLFPDZNo se presta c37488d37488